Регионална библиотека "Любен Каравелов" - Русе

Милионерът в Лисабон (Запис номер 204308)

MARC детайли
000 -Лидер
Контролно поле с фиксирана дължина 01557nam a2200349 c 4500
003 - Код на организацията, давaща контролен номер
Контролно поле BLK
005 - Дата и час на последна редакция
Контролно поле 20250726120900.0
008 - Елементи от данни с фиксирана дължина
fixed length control field 180411b bul|||||r ||||||| ||bul||
010 ## - Наследен системен номер
LC control number KNG00213865000
020 ## - Международен стандартен номер на книга ISBN
Международен стандартен номер на книга ISBN 978-954-26-1747-1
-- издат.: Хермес
040 ## - Източник на каталожния запис
Идентификатор на билиотеката - собственик на записа BLK
041 ## - Код за език
Код за езика на текст/звукозапис или на отделно заглавие Български
Код за езика КДБФ Български
072 #7 - Код за тематичната категория
Код организация bullib
Код за тематична категория Н83
Текст Чужда художествена литература Н
080 ## - УДК
Текстов определител УДК Португалска литература
УДК код - определител по УДК 821.134.3
УДК определител -31
УДК - код + определител 821.134.3-31
100 1# - Редна дума - Автор
Автор Сантуш, Жозе Родригеш душ
Авторска отговорност първи автор
R(LIN) 266382
139 ## - Редно поле
Редна дума Сантуш, Жозе Родригеш душ
Авторски знак Сан - С 18
245 10 - Сведения за заглавието
Заглавие Милионерът в Лисабон
Подзаглавни данни Роман
Редно поле (дума) Жозе Родригеш душ Сантуш; прев. от португ. Дарина Бойкова Миланова.
257 ## - Страна на издаване
Страна на създаване/издаване Португалия
260 ## - Област на издателските данни
-- Пловдив
Име на издателя, разпространителя и проч. Хермес
Година на издаване 2017
Печатница София : Алианс принт
300 ## - Физическа характеристика
Страници 480 с.
Размери/Мащаб 21 см
380 ## - Жанр
Жанр Худож. лит.
500 ## - Общи забележки
Забележка Ориг. загл. Um milionario em Lisboa / Jose Rodrigues dos Santos. Продълж. на романа Мъжът от Константинопол.
653 ## - Ключова дума – ненормативна
Ключова дума романи
659 ## - Тематичен бюлетин
Тематичен бюлетин Н
700 1# - Други автори (авторска отговорност)
Лично име Миланова, Дарина Бойкова
Автороска отговорност (Описва отношението между автора и произведението) прев. от португ.
9 (RLIN) 382214
852 ## - Местоположение
Форматна сигнатура Цб 287893
856 4# - Електронен адрес и достъп
Електронен формат pdf - файл
Път до файла /url/
856 4# - Електронен адрес и достъп
Електронен формат pdf - файл
Път до файла /url/
942 ## - АРТИКУЛИ
Вид на библиотечния материал Книги
Скрит в OPAC Не
Koha issues (borrowed), all copies 89
944 ## - СЪЗДАВАНЕ И РЕДАКЦИЯ на ЗАПИСА
Създаване/Редакция Създаване
Дата на регистрацията/редакция 30.10.2017
Статус, дата на статуса Мартин Енчев
Служител, извършил регистрацията/редакцията 30575
944 ## - СЪЗДАВАНЕ И РЕДАКЦИЯ на ЗАПИСА
Създаване/Редакция Редакция
Дата на регистрацията/редакция 07.11.2017
Статус, дата на статуса ф /
Служител, извършил регистрацията/редакцията Людмила_Стоянова
999 ## - СИСТЕМНИ КОНТРОЛНИ НОМЕРА
Koha biblionumber 204308
Koha biblioitemnumber 204308
Наличности
Код за отписване Код за изгубен артикул Източник на класификационната схема Код за повреда Коз за рестрикции Код за отдаване Артикулен № Име на библиотеката - собственик Име на библиотеката, в която се намира в момента Статус (Текущо местоположение) Дата на вписване в системата Местоположение - отдел Цена в лева Инвентарен номер Систематично азбучна сигнатура Баркод Номер на екземпляра Цена в евро Служебна бележка Служебен тип на артикула
  Не е изгубен Universal Decimal Classification Не е повреден без рестрикции заемане за дома 352329 Регионална библиотека "Любен Каравелов" Русе Регионална библиотека "Любен Каравелов" Русе Заемна - подръчен фонд 2017-10-30 Заемна - подръчен фонд 13.46 120000816575 П 869.0-31/С 18 120000816575 1 6.88 Дост: Pk Вид: Ф N: 890 Дата: 26.10.2017 Книги
  Не е изгубен Universal Decimal Classification Не е повреден без рестрикции заемане за дома 352330 Регионална библиотека "Любен Каравелов" Русе Регионална библиотека "Любен Каравелов" Русе Заемна - подръчен фонд 2017-10-30 Заемна - подръчен фонд 13.46 120000816576 П 869.0-31/С 18 120000816576 2 6.88 Дост: Pk Вид: Ф N: 890 Дата: 26.10.2017 Дата инв: 15.02.2018 Бележки инв: П2018 Книги
  Не е изгубен Universal Decimal Classification Не е повреден само за читалня ползва се в читалня 679064 Регионална библиотека "Любен Каравелов" Русе Регионална библиотека "Любен Каравелов" Русе Хранилище 2018-08-21 Хранилище 17.95 120000822205 Цб 289700 120000822205   9.18   Книги
Vip Innovations Ltd, Rousse, Bulgaria 2025